000
00261nam a2200121 a 4500
005
20260322212055.0
008
data
092
_a
289
110
2
_a
Various Artists
245
1
0
_a
Smooth jazz hits
_c
Various Artists.
260
_b
Concord Music Group
_c
2009
001
data
999
_c
1310
_d
1310